000 00319nam a2200133Ia 4500
005 20260326100037.0
008 260326s9999||||xx |||||||||||||| ||und||
100 _aTaine, Hipólito A.
245 0 _aFilosofía del Arte /
_cHipólito A. Taine
260 _bEl Ateneo
300 _a300 p.
650 _aARTE
942 _cBK
999 _c6862
_d6862